[Event "Pombal op 11th"]
[Site "Pombal"]
[Date "2020.10.05"]
[Round "7"]
[White "Gomes, Estevao Moreira"]
[Black "Silva, Mariana Sofia Teixe"]
[Result "1-0"]
[WhiteElo "1621"]
[BlackElo "1885"]
[PlyCount "111"]
[EventDate "2020.10.02"]
[EventType "swiss"]
[EventRounds "7"]
[EventCountry "POR"]
[SourceTitle "CBM 198 Extra"]
[Source "ChessBase"]
[SourceDate "2020.11.30"]
[SourceVersion "1"]
[SourceVersionDate "2020.11.30"]
[SourceQuality "1"]

1. e4 c5 2. Nf3 g6 3. d4 cxd4 4. Nxd4 Nc6 5. Nc3 Bg7 6. Be3 Nf6 7. Bc4 0-0 8. Bb3 Re8 9. f3 d5 10. Nxc6 bxc6 11. exd5 cxd5 12. Nxd5 Nxd5 13. Qxd5 Qxd5 14. Bxd5 Rb8 15. 0-0 Rxb2 16. Bb3 Bf5 17. Rac1 Rc8 18. c4 a5 19. c5 Bd3 20. Rf2 Rxf2 21. Kxf2 Bb5 22. Bd5 Be5 23. Rb1 Bd3 24. Rb7 e6 25. Bb3 Rc7 26. Rb8+ Kg7 27. Ra8 Bc3 28. Ba4 Bc4 29. c6 Bd5 30. Ra7 Rc8 31. c7 Be5 32. Bb6 Bxa2 33. Bd7 Rxc7 34. Rxc7 Bxc7 35. Bxc7 h5 36. Bxa5 g5 37. Bc3+ Kg6 38. Be8 Bd5 39. g3 Bb3 40. Ke3 Bc2 41. Bb5 Bb3 42. Bd3+ f5 43. f4 Bd5 44. h4 gxf4+ 45. gxf4 Bb3 46. Be5 Bd5 47. Kd4 Bb3 48. Bc4 Bd1 49. Bxe6 Bg4 50. Kd5 Bf3+ 51. Kd6 Be2 52. Ke7 Bd1 53. Bf7+ Kh7 54. Kf6 Kh6 55. Bg6 Bb3 56. Bd6 1-0

[Event "Pombal op 11th"]
[Site "Pombal"]
[Date "2020.10.04"]
[Round "5"]
[White "Gomes, Estevao Moreira"]
[Black "Correia, Mario Rui Costa"]
[Result "1/2-1/2"]
[WhiteElo "1621"]
[BlackElo "2085"]
[PlyCount "62"]
[EventDate "2020.10.02"]
[EventType "swiss"]
[EventRounds "7"]
[EventCountry "POR"]
[SourceTitle "CBM 198 Extra"]
[Source "ChessBase"]
[SourceDate "2020.11.30"]
[SourceVersion "1"]
[SourceVersionDate "2020.11.30"]
[SourceQuality "1"]

1. e4 c5 2. Nf3 Nc6 3. d4 cxd4 4. Nxd4 g6 5. Nc3 Bg7 6. Be3 Nf6 7. Bc4 d6 8. f3 0-0 9. Bb3 Na5 10. Qd2 Nxb3 11. axb3 a6 12. h4 h5 13. 0-0-0 Bd7 14. Bg5 Qa5 15. Kb1 Rfd8 16. Bxf6 exf6 17. Nd5 Qxd2 18. Rxd2 Kf8 19. Nb6 Rab8 20. Rhd1 Ke7 21. Ne2 Be6 22. Nf4 Bh6 23. Nfd5+ Bxd5 24. Nxd5+ Ke6 25. Rd3 Rbc8 26. g3 Rc6 27. c3 Re8 28. Nb4 Rb6 29. Nd5 Rc6 30. Nb4 Rb6 31. Nd5 Ke5 1/2-1/2

[Event "Lisbon Portugal rapid op"]
[Site "Lisbon"]
[Date "2018.02.10"]
[Round "5"]
[White "Gomes, Estevao Moreira"]
[Black "Silva, Mariana Sofia Teixe"]
[Result "0-1"]
[WhiteElo "1328"]
[BlackElo "1901"]
[PlyCount "120"]
[EventDate "2018.02.10"]
[EventType "swiss (rapid)"]
[EventRounds "8"]
[EventCountry "POR"]
[SourceTitle "CBM 182 Extra"]
[Source "ChessBase"]
[SourceDate "2018.02.23"]
[SourceVersion "1"]
[SourceVersionDate "2018.02.23"]
[SourceQuality "1"]

1. e4 c5 2. Nf3 Nc6 3. d4 cxd4 4. Nxd4 g6 5. Nc3 Bg7 6. Be3 Nf6 7. Bc4 Qa5 8. f3 Qb4 9. Bb3 Nxe4 10. fxe4 Bxd4 11. Bxd4 Qxd4 12. Qxd4 Nxd4 13. 0-0 0-0 14. Nd5 Nc6 15. Rae1 b6 16. e5 Bb7 17. c4 Kg7 18. Ba4 Rae8 19. b4 h5 20. a3 h4 21. h3 d6 22. exd6 exd6 23. Bc2 Ne5 24. Be4 Nxc4 25. Nf6 Re7 26. Bxb7 Rxb7 27. Re4 Nd2 28. Ne8+ Rxe8 29. Rxe8 Nxf1 30. Kxf1 Rd7 31. Ke2 d5 32. Kd3 Kf6 33. Kd4 g5 34. Re5 a5 35. Rxd5 Ke6 36. Rxd7 Kxd7 37. bxa5 bxa5 38. Kc5 f5 39. Kd5 g4 40. Ke5 gxh3 41. gxh3 Kc6 42. Kxf5 Kb5 43. Kg4 Ka4 44. Kxh4 Kxa3 45. Kg5 Kb3 46. h4 a4 47. h5 a3 48. h6 a2 49. Kg6 a1Q 50. Kh7 Qb1+ 51. Kg7 Qb2+ 52. Kg8 Qg2+ 53. Kh8 Qa8+ 54. Kg7 Qb7+ 55. Kg8 Qc8+ 56. Kg7 Qd7+ 57. Kg8 Qe6+ 58. Kg7 Qe7+ 59. Kh8 Qf7 60. h7 Qf8# 0-1

[Event "Coimbra Queima das Fitas op"]
[Site "Coimbra"]
[Date "2016.04.25"]
[Round "7"]
[White "Lopes, Jose Eduardo Santos"]
[Black "Gomes, Estevao Moreira"]
[Result "1-0"]
[WhiteElo "1655"]
[BlackElo "1177"]
[PlyCount "87"]
[EventDate "2016.04.22"]
[EventType "swiss"]
[EventRounds "7"]
[EventCountry "POR"]
[SourceTitle "EXT 2018"]
[Source "ChessBase"]
[SourceDate "2017.10.13"]
[SourceVersion "1"]
[SourceVersionDate "2017.10.13"]
[SourceQuality "1"]

1. d4 d5 2. c4 Nf6 3. Nc3 e6 4. Bf4 Bb4 5. e3 Nc6 6. Nf3 Bd7 7. Bd3 0-0 8. 0-0 Na5 9. c5 b6 10. Ne2 Nh5 11. a3 Nxf4 12. Nxf4 e5 13. Nxe5 f6 14. Nf3 b5 15. axb4 Nc4 16. b3 Nb2 17. Qc2 Nxd3 18. Qxd3 c6 19. Ra5 a6 20. Rfa1 Bc8 21. Ne2 Rf7 22. Nh4 Qd7 23. Ng3 g6 24. h3 Kg7 25. e4 Re7 26. exd5 Qxd5 27. Nf3 Rea7 28. Re1 Be6 29. Qe4 Kf7 30. Re3 Re7 31. Kf1 Raa7 32. Qf4 Kg7 33. Re1 Qxb3 34. Qd2 Bc4+ 35. Kg1 Rxe1+ 36. Qxe1 Bd5 37. Nh2 Qb2 38. Qa1 Qxb4 39. Rxa6 Rxa6 40. Qxa6 Qxd4 41. Qa7+ Kh6 42. Ng4+ Kg5 43. Qxh7 f5 44. Qh6# 1-0